[Event "Moscow op-A 14th"]
[Site "Moscow"]
[Date "2018.02.04"]
[Round "9"]
[White "Ivanov, Artem T"]
[Black "Fedotov, Alexey"]
[Result "0-1"]
[WhiteElo "1903"]
[BlackElo "2139"]
[PlyCount "114"]
[EventDate "2018.01.27"]
[EventType "swiss"]
[EventRounds "9"]
[EventCountry "RUS"]
[SourceTitle "CBM 182 Extra"]
[Source "ChessBase"]
[SourceDate "2018.02.23"]
[SourceVersion "1"]
[SourceVersionDate "2018.02.23"]
[SourceQuality "1"]

1. e4 c6 2. d4 d5 3. Nc3 dxe4 4. Nxe4 Nd7 5. Ng5 Ngf6 6. Bd3 e6 7. N1f3 Bd6 8. Qe2 h6 9. Ne4 Nxe4 10. Qxe4 Nf6 11. Qe2 Qc7 12. Bd2 b6 13. Ne5 Bb7 14. f4 c5 15. Bb5+ Ke7 16. dxc5 Qxc5 17. Bd3 Rhd8 18. Rf1 Kf8 19. g4 Rac8 20. h4 h5 21. g5 Bxe5 22. fxe5 Ng4 23. Bc3 Kg8 24. g6 fxg6 25. Bxg6 Ba6 26. Bd3 Bxd3 27. cxd3 Rf8 28. 0-0-0 Rxf1 29. Rxf1 Qxe5 30. Qxe5 Nxe5 31. Kd2 Ng4 32. Rf4 Nh6 33. a4 Nf5 34. b4 Kf7 35. Be5 a6 36. Rc4 Ne7 37. Bd4 b5 38. axb5 axb5 39. Rxc8 Nxc8 40. Ke3 Ne7 41. Ke4 Nf5 42. Bf2 Kf6 43. Bb6 Ke7 44. Bf2 Nd6+ 45. Ke5 Nf7+ 46. Ke4 g5 47. hxg5 Nxg5+ 48. Ke5 Nf7+ 49. Kf4 Kd6 50. Ke4 Ng5+ 51. Ke3 Kd5 52. Bh4 Nf7 53. Bf6 e5 54. d4 e4 55. Kf4 Nd6 56. Be7 Nc4 57. Bf6 Na3 0-1

[Event "Moscow op-A 14th"]
[Site "Moscow"]
[Date "2018.02.02"]
[Round "7"]
[White "Ivanov, Artem T"]
[Black "Serikbay, Assel"]
[Result "0-1"]
[WhiteElo "1903"]
[BlackElo "2188"]
[PlyCount "62"]
[EventDate "2018.01.27"]
[EventType "swiss"]
[EventRounds "9"]
[EventCountry "RUS"]
[SourceTitle "CBM 182 Extra"]
[Source "ChessBase"]
[SourceDate "2018.02.23"]
[SourceVersion "1"]
[SourceVersionDate "2018.02.23"]
[SourceQuality "1"]

1. e4 c5 2. Nf3 e6 3. d4 cxd4 4. Nxd4 a6 5. Bd3 Nf6 6. 0-0 d6 7. c4 g6 8. Nc3 Bg7 9. b3 0-0 10. Bb2 Nbd7 11. Qe2 Nc5 12. Bc2 Nh5 13. Qe3 Re8 14. Rae1 b6 15. f4 Bb7 16. e5 dxe5 17. fxe5 Nd7 18. Rd1 Bxe5 19. Nf3 Bf4 20. Qd4 Ndf6 21. Ne2 Qxd4+ 22. Bxd4 Bc7 23. Ne5 Rad8 24. Bb2 Rxd1 25. Bxd1 Rd8 26. Bc3 b5 27. a3 Ne4 28. Nxf7 Bb6+ 29. Kh1 Nf2+ 30. Rxf2 Rxd1+ 31. Ng1 Bxf2 0-1

[Event "Moscow op-A 14th"]
[Site "Moscow"]
[Date "2018.01.29"]
[Round "3"]
[White "Ivanov, Artem T"]
[Black "Vinogradov, Vladimir"]
[Result "1-0"]
[WhiteElo "1903"]
[BlackElo "2120"]
[PlyCount "43"]
[EventDate "2018.01.27"]
[EventType "swiss"]
[EventRounds "9"]
[EventCountry "RUS"]
[SourceTitle "CBM 182 Extra"]
[Source "ChessBase"]
[SourceDate "2018.02.23"]
[SourceVersion "1"]
[SourceVersionDate "2018.02.23"]
[SourceQuality "1"]

1. e4 c5 2. Nf3 Nf6 3. Nc3 Nc6 4. d4 d5 5. exd5 Nxd5 6. Bc4 Nxc3 7. bxc3 e6 8. 0-0 Be7 9. Bf4 0-0 10. Qd2 cxd4 11. cxd4 Bf6 12. Rad1 Ne7 13. Bd3 Bd7 14. Ne5 Bc6 15. Nxc6 Nxc6 16. c3 e5 17. dxe5 Nxe5 18. Bxh7+ Kh8 19. Qe2 Qa5 20. Rd5 Qxd5 21. Be4 Nf3+ 22. Qxf3 1-0

[Event "Moscow op-A 14th"]
[Site "Moscow"]
[Date "2018.01.28"]
[Round "2"]
[White "Shaydullina, Sandugach"]
[Black "Ivanov, Artem T"]
[Result "1-0"]
[WhiteElo "2211"]
[BlackElo "1903"]
[PlyCount "65"]
[EventDate "2018.01.27"]
[EventType "swiss"]
[EventRounds "9"]
[EventCountry "RUS"]
[SourceTitle "CBM 182 Extra"]
[Source "ChessBase"]
[SourceDate "2018.02.23"]
[SourceVersion "1"]
[SourceVersionDate "2018.02.23"]
[SourceQuality "1"]

1. d4 Nf6 2. c4 g6 3. Nf3 Bg7 4. g3 d6 5. Bg2 0-0 6. 0-0 Nc6 7. Bf4 Rb8 8. Nc3 a6 9. Rc1 h6 10. h4 Ng4 11. d5 Nce5 12. b3 Nxf3+ 13. exf3 Nf6 14. Qd2 Kh7 15. b4 e5 16. Be3 Nh5 17. Ne2 f5 18. f4 Nf6 19. Rfd1 Ng4 20. fxe5 Nxe3 21. Qxe3 dxe5 22. f4 Re8 23. d6 cxd6 24. Qa7 Be6 25. c5 Bc4 26. Rxc4 exf4 27. Nxf4 g5 28. Nh5 Be5 29. c6 Re7 30. cxb7 gxh4 31. Qf2 hxg3 32. Qxf5+ Kh8 33. Rc8 1-0